Titisan airmata keinsafan : taubat amalan & penghayatannya

Bibliographic Details
Main Author: Muhammad Isa Selamat
Format: Book
Published: Kuala Lumpur : Darul Nu'man , 1998
Subjects:

MARC

LEADER 00000cam a2200000 7i4500
001 0000014145
005 20080222.0
008 080222
020 |a 9830461114 
090 0 0 |a 297.22   |b MUH 
100 0 |a Muhammad Isa Selamat 
245 1 0 |a Titisan airmata keinsafan :   |b taubat amalan & penghayatannya   |c Muhammad Isa Selamat 
260 |a Kuala Lumpur :   |b Darul Nu'man ,   |c 1998 
650 0 |a Islam   |x Customs and practices 
650 0 |a Repentance   |x Islam 
999 |a 0000922823   |b Book   |c Adult Collection   |e Cawangan Bukit Gambir 
999 |a 0000936147   |b Book   |c Adult Collection   |e Cawangan Tangkak 
999 |a 0000936149   |b Book   |c Adult Collection   |e Cawangan Tangkak 
999 |a 0001007510   |b Book   |c Adult Collection   |e Perbadanan Perpustakaan Awam Johor 
999 |a 0001007512   |b Book   |c Adult Collection   |e Perbadanan Perpustakaan Awam Johor